[Event "14th Dubai Open 2012"]
[Site "Dubai UAE"]
[Date "2012.04.23"]
[Round "9.5"]
[White "Andriasian, Zaven"]
[Black "Gupta, Abhijeet"]
[Result "1/2-1/2"]
[WhiteTitle "GM"]
[BlackTitle "GM"]
[WhiteElo "2616"]
[BlackElo "2643"]
[WhiteFideId "13302000"]
[BlackFideId "5010608"]
[EventDate "2012.04.15"]

1. d4 d5 2. c4 c6 3. cxd5 cxd5 4. Nc3 Nf6 5. Nf3 Nc6 6. Bf4 Bf5 7. e3 e6 8. Bd3
Bxd3 9. Qxd3 Bd6 10. Bxd6 Qxd6 11. O-O O-O 12. Rac1 Rac8 13. a3 a6 14. Ne2 Ne7
15. h3 h6 16. Rxc8 Rxc8 17. Rc1 Rxc1+ 18. Nxc1 Ne4 19. Nd2 Nxd2 20. Qxd2 Qc6 21.
Nd3 Nf5 22. Qc1 Qxc1+ 23. Nxc1 Nd6 24. Nd3 Kf8 25. Kf1 Ke7 26. Ke2 b6 27. b3 a5
28. a4 f6 29. f3 g5 30. g4 Kd7 31. Kd2 1/2-1/2

[Event "14th Dubai Open 2012"]
[Site "Dubai UAE"]
[Date "2012.04.23"]
[Round "9.9"]
[White "Iordachescu, Viorel"]
[Black "Evdokimov, Alexander A."]
[Result "1/2-1/2"]
[WhiteTitle "GM"]
[BlackTitle "GM"]
[WhiteElo "2644"]
[BlackElo "2555"]
[WhiteFideId "13900200"]
[BlackFideId "4139275"]
[EventDate "2012.04.15"]

1. e4 c6 2. d4 d5 3. e5 Bf5 4. Nf3 e6 5. c3 Nd7 6. Be2 Ne7 7. O-O h6 8. Nbd2 g5
9. Re1 Bg7 10. Nf1 Bg6 11. h3 a6 12. Bd3 Rc8 13. Ng3 c5 14. Bxg6 fxg6 15. dxc5
Nc6 16. c4 dxc4 17. Ne4 O-O 18. Nd6 Rc7 19. Be3 Ndxe5 20. Nxe5 Nxe5 21. Qe2 Nd3
22. Nxc4 Nxe1 23. Rxe1 Kh7 24. Qg4 Qd5 25. Rd1 Qf5 26. Qe2 e5 27. Nd6 Qe6 28. b4
Rd8 29. Rb1 e4 30. b5 axb5 31. Nxb5 Rcd7 32. Nd6 Ra8 33. Qg4 Qe7 34. Rb4 Rxd6
35. cxd6 Qxd6 36. Rb6 Qd5 37. h4 Rxa2 38. hxg5 h5 39. Qe6 Qxe6 40. Rxe6 b5 41.
Rxe4 Rb2 42. Re7 Rb1+ 43. Kh2 Kg8 44. Bc5 b4 45. Re8+ Kf7 46. Re7+ Kg8 47. Re8+
Kf7 48. Re7+ Kg8 1/2-1/2

[Event "14th Dubai Open 2012"]
[Site "Dubai UAE"]
[Date "2012.04.23"]
[Round "9.13"]
[White "Amin, Bassem"]
[Black "Shyam, Sundar M."]
[Result "0-1"]
[WhiteTitle "GM"]
[BlackTitle "IM"]
[WhiteElo "2608"]
[BlackElo "2474"]
[WhiteFideId "10601457"]
[BlackFideId "5019141"]
[EventDate "2012.04.15"]

1. e4 e5 2. Nf3 Nc6 3. d4 exd4 4. Nxd4 Nf6 5. Nxc6 bxc6 6. e5 Qe7 7. Qe2 Nd5 8.
c4 Nb6 9. Nc3 Bb7 10. f4 O-O-O 11. Be3 f6 12. c5 Nd5 13. Nxd5 cxd5 14. exf6 gxf6
15. Bd4 Re8 16. Qxe7 Rxe7+ 17. Kd2 Re4 18. Kc3 d6 19. Bxf6 Rg8 20. g3 Rg6 21.
Bh8 Rg8 22. c6 Bxc6 23. Bd4 Bd7 24. Bd3 c5 25. Bf2 Rb4 26. Rab1 Bg7+ 27. Kc2 c4
28. Bxh7 Rh8 29. Bg6 Rh6 30. f5 Rxg6 31. fxg6 Bf5+ 32. Kd2 Rxb2+ 33. Rxb2 c3+
34. Ke2 cxb2 35. Bxa7 Bxg6 36. g4 b1=Q 37. Rxb1 Bxb1 38. a4 d4 39. Bb6 Bf6 40.
Ba5 d3+ 0-1

[Event "14th Dubai Open 2012"]
[Site "Dubai UAE"]
[Date "2012.04.23"]
[Round "9.14"]
[White "Shyam, Nikil P."]
[Black "Ghaem Maghami, Ehsan"]
[Result "1/2-1/2"]
[WhiteTitle "IM"]
[BlackTitle "GM"]
[WhiteElo "2490"]
[BlackElo "2581"]
[WhiteFideId "5024218"]
[BlackFideId "12500739"]
[EventDate "2012.04.15"]

1. e4 c5 2. Nf3 d6 3. d4 cxd4 4. Nxd4 Nf6 5. Nc3 a6 6. Be2 e5 7. Nb3 Be7 8. O-O
O-O 9. Kh1 Be6 10. f4 Qc7 11. f5 Bc4 12. g4 d5 13. g5 Nxe4 14. Nxe4 dxe4 15. f6
Bb4 16. Bxc4 Qxc4 17. fxg7 Kxg7 18. Be3 Nc6 19. c3 Be7 20. Qg4 Rad8 21. Rae1 a5
22. Rf2 a4 23. Nd2 Qxa2 24. Nxe4 Qe6 25. Qh4 Kh8 26. Bc5 Rg8 27. Bxe7 Nxe7 28.
Nf6 Rg7 29. Qe4 Qc6 30. Qxc6 Nxc6 31. h4 Rg6 32. Ree2 h6 33. Rf5 hxg5 34. hxg5
Kg7 35. Ref2 Rh8+ 36. Kg2 Kf8 37. Nd7+ Ke8 38. Nxe5 Nxe5 39. Rxe5+ Kf8 40. Rb5
Rh5 41. Rff5 f6 42. Rxb7 Rgxg5+ 43. Rxg5 Rxg5+ 44. Kf3 1/2-1/2

[Event "14th Dubai Open 2012"]
[Site "Dubai UAE"]
[Date "2012.04.23"]
[Round "9.17"]
[White "Baghdasaryan, Vahe"]
[Black "Grigoryan, Avetik"]
[Result "1-0"]
[BlackTitle "GM"]
[WhiteElo "2406"]
[BlackElo "2600"]
[WhiteFideId "13303139"]
[BlackFideId "13302191"]
[EventDate "2012.04.15"]

1. c4 Nf6 2. Nc3 c5 3. g3 d5 4. cxd5 Nxd5 5. Bg2 Nc7 6. d3 e5 7. Be3 Be7 8. Rc1
O-O 9. Na4 Nba6 10. Nxc5 Nd5 11. Nxa6 Nxe3 12. fxe3 Qa5+ 13. Qd2 Qxa6 14. Nf3 e4
15. dxe4 Qxa2 16. O-O Qa6 17. e5 Qb5 18. Qd3 Qb6 19. Nd4 Be6 20. Be4 g6 21. Nxe6
Qxe6 22. Bxb7 Rad8 23. Qe4 Rd2 24. Rc6 Qb3 25. Ba6 Bg5 26. Bc4 Qxe3+ 27. Qxe3
Bxe3+ 28. Kg2 Rxb2 29. e6 Rb7 30. Rxf7 Rbxf7 31. exf7+ Kg7 32. Re6 Bc5 33. Re8
a5 34. e4 a4 35. e5 a3 36. Kf3 Bd4 37. Ke4 Bc5 38. g4 h6 39. h4 Bb4 40. e6 Bc5
41. e7 Rxf7 42. Rg8+ 1-0

[Event "14th Dubai Open 2012"]
[Site "Dubai UAE"]
[Date "2012.04.23"]
[Round "9.20"]
[White "Kravtsiv, Martyn"]
[Black "Ramnath Bhuvanesh, R"]
[Result "1/2-1/2"]
[WhiteTitle "GM"]
[BlackTitle "IM"]
[WhiteElo "2588"]
[BlackElo "2343"]
[WhiteFideId "14113147"]
[BlackFideId "5026598"]
[EventDate "2012.04.15"]

1. e4 c5 2. Nf3 Nc6 3. d4 cxd4 4. Nxd4 Nf6 5. Nc3 e5 6. Ndb5 d6 7. Bg5 a6 8. Na3
b5 9. Nd5 Be7 10. Bxf6 Bxf6 11. c4 b4 12. Nc2 a5 13. g3 O-O 14. Bg2 Be6 15. O-O
Be7 16. Nce3 Re8 17. f4 exf4 18. gxf4 Bf8 19. Kh1 Rc8 20. Qd2 Nb8 21. b3 Nd7 22.
Bf3 Bxd5 23. Qxd5 Rc5 24. Qd2 Nf6 25. Qg2 g6 26. Rad1 Qc7 27. Rd3 Bh6 28. Ng4
Nxg4 29. Bxg4 Qe7 30. Rh3 Bg7 1/2-1/2

[Event "14th Dubai Open 2012"]
[Site "Dubai UAE"]
[Date "2012.04.23"]
[Round "9.21"]
[White "Arutinian, David"]
[Black "Sergeyeva, Mariya"]
[Result "0-1"]
[WhiteTitle "GM"]
[BlackTitle "WGM"]
[WhiteElo "2553"]
[BlackElo "2327"]
[WhiteFideId "13601741"]
[BlackFideId "13701037"]
[EventDate "2012.04.15"]

1. d4 Nf6 2. c4 g6 3. Nf3 Bg7 4. g3 O-O 5. Bg2 c6 6. O-O d5 7. b3 Ne4 8. Bb2 Nd7
9. e3 Ndf6 10. Nbd2 Bf5 11. Ne5 Qa5 12. Ndf3 Ng4 13. Nxg4 Bxg4 14. Re1 dxc4 15.
bxc4 Qh5 16. h3 Bxh3 17. Nh2 Qf5 18. Qf3 Qxf3 19. Nxf3 Bxg2 20. Kxg2 c5 21. Rab1
b6 22. Ne5 Bxe5 23. dxe5 Rad8 24. Red1 h5 25. Rbc1 Kh7 26. Kf3 Ng5+ 27. Ke2 Ne6
28. Rd5 Nc7 29. Rxd8 Rxd8 30. Ra1 g5 31. Bc3 Kg6 32. a4 Kf5 33. a5 b5 34. cxb5
Nxb5 35. Rc1 Nxc3+ 36. Rxc3 Rc8 37. f4 Kg4 38. Kf2 h4 39. gxh4 gxh4 40. Rc4 h3
41. f5+ Kxf5 42. Kg3 Kxe5 43. Kxh3 Kd5 44. Rc3 c4 45. Kg3 Rb8 46. Kf4 Rb3 47.
Rc1 c3 48. Rd1+ Kc4 49. Rd4+ Kc5 50. Rd7 Rb4+ 51. Kf3 Rc4 52. Rd1 c2 53. Rc1 Kb4
54. Ke2 Kb3 55. Kd2 Kb2 56. a6 e5 0-1

[Event "14th Dubai Open 2012"]
[Site "Dubai UAE"]
[Date "2012.04.23"]
[Round "9.25"]
[White "Koohestani, Sh."]
[Black "Timoshenko, Georgy"]
[Result "0-1"]
[WhiteTitle "FM"]
[BlackTitle "GM"]
[WhiteElo "2364"]
[BlackElo "2569"]
[WhiteFideId "12504416"]
[BlackFideId "14100118"]
[EventDate "2012.04.15"]

1. d4 Nf6 2. c4 e6 3. Nf3 c5 4. e3 d5 5. Nc3 Nc6 6. a3 a6 7. dxc5 Bxc5 8. b4 Ba7
9. Bb2 O-O 10. Qc2 Qe7 11. Rd1 Rd8 12. Be2 dxc4 13. Rxd8+ Nxd8 14. Bxc4 b5 15.
Bd3 Bb7 16. O-O Rc8 17. Rc1 Bb8 18. e4 e5 19. Qb3 Ne6 20. Nd5 Rxc1+ 21. Bxc1
Nxd5 22. exd5 Nd4 23. Nxd4 exd4 24. Kf1 Qc7 25. Bb2 Qe5 26. Qc2 Qxd5 27. f3 g6
28. Be4 Qd7 29. Bxb7 Qxb7 30. Qc5 Qd7 31. Qb6 Bxh2 32. Bxd4 Qc7 33. Qf6 Qc1+ 34.
Ke2 Qc2+ 35. Ke3 Bg1+ 36. Kf4 Qd2+ 37. Ke4 Bxd4 38. Qxd4 Qxd4+ 39. Kxd4 h5 40.
Kc5 g5 41. Kb6 h4 42. Kxa6 f5 43. Kxb5 g4 44. fxg4 fxg4 45. Kb6 h3 46. gxh3 gxh3
47. Ka7 h2 48. b5 h1=Q 49. b6 Qa1 50. b7 Qxa3+ 51. Kb6 Qb4+ 52. Kc7 Qc5+ 53. Kd7
Qb6 54. Kc8 Qc6+ 55. Kb8 Kf7 56. Ka7 Qc7 57. Ka8 Qc6 0-1